Eros and alienation (Record no. 4535)

MARC details
000 -CABECERA
campo de control de longitud fija 02117nam a2200301 i 4500
001 - NÚMERO DE CONTROL
campo de control 991107469515406196
005 - FECHA Y HORA DE LA ÚLTIMA TRANSACCIÓN
campo de control 20250312125522.0
008 - DATOS DE LONGITUD FIJA--INFORMACIÓN GENERAL
campo de control de longitud fija 250117s2025 enk b 001 0 eng d
020 ## - NÚMERO INTERNACIONAL ESTÁNDAR DEL LIBRO
Número Internacional Estándar del Libro 9780745349435
020 ## - NÚMERO INTERNACIONAL ESTÁNDAR DEL LIBRO
Número Internacional Estándar del Libro 0745349439
Información calificativa pbk.
024 ## - IDENTIFICADOR DE OTROS ESTÁNDARES
Número estándar o código 90101122759
035 ## - NÚMERO DE CONTROL DEL SISTEMA
Número de control de sistema (OCoLC)1484909506
035 ## - NÚMERO DE CONTROL DEL SISTEMA
Número de control de sistema (OCoLC)on1484909506
040 ## - FUENTE DE LA CATALOGACIÓN
Centro catalogador/agencia de origen NjBwBT
Lengua de catalogación eng
Centro/agencia transcriptor CDX
Normas de descripción rda
Centro/agencia modificador CDX
050 14 - SIGNATURA TOPOGRÁFICA DE LA BIBLIOTECA DEL CONGRESO
Número de clasificación HQ18.55
Número de documento/Ítem .S43 2025
100 ## - ENTRADA PRINCIPAL--NOMBRE DE PERSONA
Nombre de persona Sears, Alan,
Término indicativo de función/relación author.
9 (RLIN) 24902
245 10 - MENCIÓN DE TÍTULO
Título Eros and alienation
Resto del título : capitalism and the making of gendered sexualities
Mención de responsabilidad, etc. / Alan Sears.
264 #1 - PRODUCCIÓN, PUBLICACIÓN, DISTRIBUCIÓN, FABRICACIÓN Y COPYRIGHT
Producción, publicación, distribución, fabricación y copyright London :
Nombre del de productor, editor, distribuidor, fabricante Pluto Press,
Fecha de producción, publicación, distribución, fabricación o copyright 2025.
300 ## - DESCRIPCIÓN FÍSICA
Extensión 188 pages ;
Dimensiones 22 cm.
490 1# - MENCIÓN DE SERIE
Mención de serie Mapping social reproduction theory
504 ## - NOTA DE BIBLIOGRAFÍA, ETC.
Nota de bibliografía, etc. Includes bibliographical references (pages 156-178) and index.
505 ## - NOTA DE CONTENIDO CON FORMATO
Nota de contenido con formato Eros and Alienation —<br/>Alienation and the Making of Sexualities —<br/>Sexualities at Work —<br/>Market Model Sexualities —<br/>The State and Sexual Hegemony —<br/>Sexuality and Ecology —<br/>Utopia and Sexual Revolutions.
520 ## - SUMARIO, ETC.
Sumario, etc. "Delves into the underexplored relationship between alienated labour and sexuality. Our human drive to shape the world around us and fulfil ourselves through labour is subverted by capitalist alienation, leaving us to find fulfilment elsewhere. As a result, our erotic drives become the central focus for transformation and life-making, but are themselves restricted and fuelled by whatever energy is left after completing the monetised or social reproductive work required to survive. This alienation encounters resistance, as life-making activity can never be fully separated from the person who labours. Alan Sears explores the ways this alienation frames the processes of gender and sexual formation, showing how the organisation of work contributes to the development of a dominant regime of gendered sexualities, defined by a binary gender mapping of desire as heterosexual, homosexual or bisexual"--
Fuente proveedora Provided by publisher.
650 #0 - PUNTO DE ACCESO ADICIONAL DE MATERIA--TÉRMINO DE MATERIA
Término de materia o nombre geográfico como elemento de entrada Gender identity
Subdivisión general Economic aspects.
650 #0 - PUNTO DE ACCESO ADICIONAL DE MATERIA--TÉRMINO DE MATERIA
Término de materia o nombre geográfico como elemento de entrada Capitalism
Subdivisión general Social aspects.
830 #0 - PUNTO DE ACCESO ADICIONAL DE SERIE-TÍTULO UNIFORME
Título uniforme Mapping social reproduction theory.
942 ## - ELEMENTOS DE ENTRADA AGREGADA (KOHA)
Fuente del sistema de clasificación o colocación Clasificación de Library of Congress
Holdings
Estado de retiro Estado de pérdida Fuente del sistema de clasificación o colocación Estado dañado No para préstamo Biblioteca de origen Biblioteca actual Fecha de adquisición Total de préstamos Signatura topográfica completa Código de barras Fecha visto por última vez Número de copia Precio válido a partir de Tipo de ítem Koha
    Clasificación de Library of Congress     TBS Barcelona TBS Barcelona 12/03/2025   HQ18.55 SEA B07512 12/03/2025 1 12/03/2025 Book

Powered by Koha